Morsealphabet (Buchstaben) - Statistiken

Allgemein
  • Dieses Quiz wurde 287 mal gespielt
  • Das Durchschnittsergebnis liegt bei 11 aus 26
Antwortstatistiken
Hint Antwort % Korrekt
A ⦁ –
91%
O – – –
74%
S ⦁ ⦁ ⦁
71%
E
65%
I ⦁ ⦁
54%
M – –
49%
T
49%
N – ⦁
48%
B – ⦁ ⦁ ⦁
46%
H ⦁ ⦁ ⦁ ⦁
42%
C – ⦁ – ⦁
39%
D – ⦁ ⦁
39%
U ⦁ ⦁ –
38%
G – – ⦁
35%
F ⦁ ⦁ – ⦁
33%
K – ⦁ –
33%
P ⦁ – – ⦁
30%
Q – – ⦁ –
29%
R ⦁ – ⦁
29%
J ⦁ – – –
28%
L ⦁ – ⦁ ⦁
28%
Y – ⦁ – –
26%
V ⦁ ⦁ ⦁ –
25%
X – ⦁ ⦁ –
25%
W ⦁ – –
19%
Z – – ⦁ ⦁
17%
Keine übereinstimmenden Quizze gefunden
Verteilung der Resultate
Anzahl Personen mit jedem Resultat
Perzentil nach korrekt beantworteten Fragen
Ihre Resultats-Entwicklung
Sie haben dieses Quiz noch nicht gespielt